Estadísticas para Plantilla del campeón - Eurocopa (1)

Haz click aquí para intentar la prueba.

Estadísticas generales

  • Esta prueba ha sido intentada 16 veces
  • La puntuación promedio es 26 de 200

Estadísticas de respuestas

Pos.JugadorEquipo% Correcto
DELBrian LaudrupBayern Munich
67%
DELGerd MullerBayern Munich
67%
MEDHansi MullerStuttgart
67%
DELLuis SuarezInter
67%
DELMarco van BastenMilan
60%
DEL(c)Ruud GullitMilan
60%
DEFFrank RijkaardZaragoza
53%
MEDLothar MatthausBorussia Monchengladbach
53%
MED(c)Michel PlatiniJuventus
53%
POROliver KahnBayern Munich
53%
PORPeter SchmeichelManchester United
53%
MEDErwin KoemanKV Mechelen
47%
DEF(c)Franz BeckenbauerBayern Munich
47%
PORJose Angel IribarAtl. Bilbao
47%
DEL(c)Jurgen KlinsmannBayern Munich
47%
DEFRonald KoemanPSV
47%
DELKarl-Heinz RummeniggeBayern Munich
40%
DELMarcelinoZaragoza
40%
DEFMatthias SammerBorussia Dortmund
40%
MEDAntonin PanenkaBohemia Praga
33%
MEDBernd SchusterKoln
33%
PORDino ZoffNapoli
33%
MEDLuis FernandezPSG
33%
DEFPaul BreitnerBayern Munich
33%
PORSepp MaierBayern Munich
33%
DELAmancio AmaroReal Madrid
27%
PORLev YashinDynamo Moscu
27%
DELOliver BierhoffUdinese
27%
MEDAlain GiresseBordeaux
20%
PORHans van BreukelenPSV
20%
MEDHenrik LarsenLyngby
20%
DEF(c)Lars OlsenTrabzonspor
20%
MEDThomas HasslerKarlsruher
20%
DELUli HoenessBayern Munich
20%
MEDAndreas MollerBorussia Dortmund
13%
DEFBerti VogtsBorussia Monchengladbach
13%
DEFChristian ZiegeBayern Munich
13%
MEDChus PeredaBarcelona
13%
DELDominique RocheteauPSG
13%
DEF(c)Giacinto FacchettiInter
13%
MEDGianni RiveraMilan
13%
MEDGunter NetzerBorussia Monchengladbach
13%
DEFHans-Peter BriegelKaiserlaustern
13%
PORHarald SchumacherKoln
13%
MEDIgnacio ZocoReal Madrid
13%
MEDJean TiganaBordeux
13%
DELJupp HeynckesBorussia Monchengladbach
13%
DEFJurgen KohlerBorussia Dortmund
13%
MEDLuis del SolJuventus
13%
MEDMehmet SchollBayern Munich
13%
DEFPatrick BattistonBordeux
13%
PORSalvador SadurniBarcelona
13%
DELSandro MazzolaInter
13%
MEDUli StielikeReal Madrid
13%
DEFAdri van TiggelenAnderlecht
7%
PORAlbert RustSochaux
7%
PORAlexander VencelSlovan Bratislava
7%
DEFAnatoli MaslyonkinSpartak Moscu
7%
DEFAnatoly KrutikovSpartak Moscu
7%
PORAndreas KopkeEintracht Frankfurt
7%
DEFAngelo AnquillettiMilan
7%
DELAngelo DomenghiniInter
7%
MEDAntonio JulianoNapoli
7%
DEF(c)Anton OndrusSlovan Bratislava
7%
MEDAristide GuarneriBologna
7%
MEDArnold MuhrenAjax
7%
MEDAron WinterAjax
7%
DELBent ChristensenSchalke 04
7%
DEF(c)Bernard DietzDuisburg
7%
MEDBernard GenghiniMonaco
7%
DELBernard LacombeBordeaux
7%
DEFBernd ForsterStuttgart
7%
DEFBernhard CullmannKoln
7%
DEFBerry van AerlePSV
7%
MEDBruno BelloneMonaco
7%
DELCarlos LapetraZaragoza
7%
MEDCaspar MemeringHamburgo
7%
DEFClaus ChristiansenLyngby
7%
MEDDaniel BravoMonaco
7%
MEDDidier SixMulhouse
7%
MEDDieter EiltsWerder Bremen
7%
DELDusan GalisKosice FC
7%
MEDDusan HerdaSlavia Praga
7%
POREike ImmelBorussia Dortmund
7%
POREnrico AlbertosiFiorentina
7%
DEFErnesto CastanoJuventus
7%
DELErwin KremersSchalke 04
7%
DEFFeliciano RivillaAtl. Madrid
7%
MEDFelix MagathHamburgo
7%
DEF(c)Ferran OlivellaBarcelona
7%
DELFlemming PovlsenBorussia Dortmund
7%
MEDFrantisek StambachrDukla Praga
7%
MEDFrantisek VeselySlavia Praga
7%
DELFredi BobicStuttgart
7%
DEFGallegoSevilla
7%
MEDGerald VanenburgPSV
7%
DELGerman ApukhtinCSKA Moscu
7%
DELGiacomo BulgarelliBologna
7%
DEFGiancarlo BercellinoJuventus
7%
MEDGiancarlo De SistiFiorentina
7%
MEDGiorgio FerriniTorino
7%
MEDGiovanni LodettiMilan
7%
DEFGivi ChokheliDinamo Tbilisi
7%
DEFHans SchwarzenbeckBayern Munich
7%
MEDHendrie KruzenDen Bosch
7%
MEDHenrik AndersenKoln
7%
MEDHerbert WimmerBorussia Monchengladbach
7%
DEFHerbert ZimmermannKoln
7%
DEFHorst-Dieter HottgesWerder Bremen
7%
DELHorst HrubeschHamburgo
7%
MEDHorst KoppelBorussia Monchengladbach
7%
MED(c)Igor NettoSpartak Moscu
7%
DEFIsacio CallejaAtl. Madrid
7%
PORIvo ViktorDukla Praga
7%
DEFJan PivarnikSlovan Bratislava
7%
DELJan SvehlikSlovan Bratislava
7%
MEDJan WoutersAjax
7%
MEDJaroslav PollakKosice FC
7%
DEFJean-Francois DomergueToulouse
7%
MEDJean-Marc FerreriAuxerre
7%
MEDJens TodtFriburgo
7%
PORJoel BatsAuxerre
7%
DELJohannes LohrKoln
7%
DELJohn BosmanAjax
7%
MEDJohn JensenBrondby
7%
MEDJohnny MolbyVejle
7%
DEFJohn SivebaekMonaco
7%
MEDJohn van 't SchipAjax
7%
PORJoop HieleFeyenoord
7%
MEDJose Maria FusteBarcelona
7%
DEFJozef BarmosInter Bratislava
7%
DEFJozef CapkovicSlovan Bratislava
7%
MEDJozef ModerLokomotiva Kosice
7%
DELJurgen GrabowskiEintracht Frankfurt
7%
MEDKarl Del'HayeBorussia Monchengladbach
7%
DEFKarlheinz ForsterStuttgart
7%
DEFKarol DobiasSpartak Trnava
7%
DEFKent NielsenAarhus
7%
DEFKim ChristofteBrondby
7%
MEDKim VilfortBrondby
7%
DELKlaus AllofsFortuna Dusseldorf
7%
DEFKoloman GoghSlovan Bratislava
7%
DEFLadislav JurkemikInter Bratislava
7%
DELLadislav PetrasInter Bratislava
7%
DELLars ElstrupOdense
7%
PORLido VieriTorino
7%
DELLuigi RivaCagliari
7%
DEFManfred KaltzHamburgo
7%
DEFManuel AmorosMonaco
7%
MEDMarco BodeWerder Bremen
7%
DELMarian MasnySlovan Bratislava
7%
MEDMario BaslerBayern Munich
7%
DEFMarkus BabelBayern Munich
7%
DEFMichael BellaDuisburg
7%
DELMikheli MeskhiDinamo Tbilisi
7%
MEDMiroslav VotavaBorussia Dortmund
7%
PORMogens KroghBrondby
7%
MEDMorten BruunSilkeborg
7%
POROliver ReckWerder Bremen
7%
MEDPaquitoValencia
7%
DEFPavol BirosSlavia Praga
7%
MEDPeter NielsenLyngby
7%
PORPhilippe BergerooToulouse
7%
DELPierino PratiMilan
7%
DELPietro AnastasiVarese
7%
MEDPremysl BicovskyTeplice
7%
MEDRainer BonhofBorussia Monchengladbach | Valencia
7%
DEFRene SchneiderHansa Rostock
7%
DEFRoberto RosatoMilan
7%
DEFSandro SalvadoreJuventus
7%
DEFSeverino ReijaZaragoza
7%
DEFSjaak TroostFeyenoord
7%
DELSlava MetreveliTorpedo Moscu
7%
DELStefan KuntzBesiktas
7%
DEFStefan ReuterBorussia Dortmund
7%
MEDSteffed FreundBorussia Dortmund
7%
DEFTaricisio BurgnichInter
7%
DEFThierry TusseauBordeaux
7%
DEFThomas HelmerBayern Munich
7%
MEDThomas StrunzBayern Munich
7%
DELTorben FrankLyngby
7%
DEFTorben PiechnikB.1903
7%
DELValentin BubukinLokomotiv
7%
DELValentin IvanovTorpedo Moscu
7%
DELViktor PonedelnikSKA Rostov
7%
DEFViktor TsaryovDynamo Moscu
7%
DEFVladimir KesarevDynamo Moscu
7%
PORVladimir MaslachenkoLokomotiv
7%
PORWalter JunghansBayern Munich
7%
DEFWilbert SuvrijnRoda JC
7%
DELWim KieftPSV
7%
DEFWim KoevermansFortuna Sittard
7%
PORWolfgang KleffBorussia Monchengladbach
7%
MEDYuriy VoynovDynamo Kiev
7%
DELYury KovalyovDynamo Kiev
7%
DEFYvon Le RouxMonaco
7%
DELZaur KaloevDinamo Tbilisi
7%
DELZdenek NehodaDukla Praga
7%
DEFMaxime MossisNantes
0%

Distribución de puntuación

Porcentaje por número respondido

Porcentaje de gente con cada puntuación

Historial de tus puntuaciones

No has intentado esta prueba.